|
|
|
|
| LEADER |
01024aam a22002418a 4500 |
| 001 |
00029467 |
| 005 |
20171026081022.0 |
| 008 |
120809s2011 ||||||viesd |
| 020 |
# |
# |
|a 9786047001941
|
| 041 |
0 |
# |
|a vie
|
| 082 |
1 |
4 |
|a 781.62
|b Â120NH
|
| 100 |
1 |
# |
|a Nông, Thị Nhình
|e Sưu tầm, biên dịch, giới thiệu
|
| 245 |
1 |
0 |
|a Âm nhạc dân gian một số dân tộc thiểu số phía bắc Việt Nam
|c Nông Thị Nhình, Hồng Thào (Sưu tầm, biên dịch, giới thiệu)
|
| 260 |
# |
# |
|a H.
|b Văn hóa dân tộc
|c 2011
|
| 300 |
# |
# |
|a 687 tr.
|c 21 cm.
|
| 500 |
# |
# |
|a ĐTTS ghi:Hội văn nghệ dân gian Việt Nam
|
| 650 |
# |
4 |
|a Âm nhạc
|z Việt Nam
|
| 653 |
# |
# |
|a Âm nhạc dân gian
|
| 700 |
1 |
# |
|a Hồng, Thao
|e Sưu tầm, biên dịch, giới thiệu
|
| 852 |
# |
# |
|b Kho đọc
|j KD.0013771
|
| 852 |
# |
# |
|j KD.0013771
|
| 910 |
0 |
# |
|d 15/8/2012
|a kchi
|
| 980 |
# |
# |
|a Trung tâm Học liệu Lê Vũ Hùng, Trường Đại học Đồng Tháp
|